15 principaux pays touchés par Covid-19 - 21 juin - Statistiques

Statistiques générales
  • Ce quiz a été pris 48 fois
  • Le résultat moyen est 12 sur 27
Statistiques - réponses
pays % Correct
France
100%
Etats-Unis
91%
Italie
84%
Allemagne
81%
Brésil
79%
Russie
79%
Espagne
74%
Royaume-Uni
74%
Inde
72%
Mexique
65%
Belgique
53%
Pakistan
35%
Suède
35%
Irlande
33%
Chili
23%
Chili
23%
Iran
23%
Pérou
23%
Turquie
19%
Biélorussie
14%
Qatar
14%
Bahreïn
12%
Oman
12%
Koweït
9%
Panama
9%
Arménie
7%
Singapour
7%
Aucun quiz correspondant
Distribution des résultats
% des personnes avec chaque résultat
Percentile par nombre de réponses
Votre historique - résultats
Vous n’avez pas pris ce quiz